000 00381nam a22001097a 4500
008 230606b xxu||||| |||| 00| 0 eng d
082 _a354.00722
_bMAN
110 _bMinistry of planning and National development
_djuly 2007
245 _amaster plan for the implementation of a national integrated monitoring and evaluation system for kenya 2007-2012
300 _a64p
942 _2ddc
_cBK
999 _c663
_d663